000 00367nam a22001457a 4500
003 SGT
020 _a9788184576757
082 _a004.678
_bE15P
100 _aPANT, NAVEEN CHANDRA
245 _aELEMENTS OF INTERNET E-MAIL AND ONLINE JOURNALISM
260 _aNEW DELHI
_bKANISHKA PUBLISHER
_c2015
300 _a280
650 _aMASS COMMUNICATION
942 _2ddc
_cBK
999 _c13207
_d13207